00682cam a22002057a 4500003000500000005001700005008004100022010001000063011001000073020001500083035001000098040000900108082001400117100003000131245011200161260013900273300001100412650003700423650001600460CHAP20220329141852.0980317d1997 mx r 00110 spa d a75022 a75994 a9688353477 a85568 cCHAP04a335.6bJ300aJaramillo Salgado, Diego.14aLas huellas del socialismo :blos discursos socialistas en Colombia 1919-1929c/por Diego Jaramillo Salgado0 aToluca, Méx. :bUniversidad Autónoma del Estado de México. Facultad de Ciencias Políticas y Administración Pública,c1997. a167 p.14aColombiaxPolítica y gobierno.14aSocialismo.